The Transformation of Maritime Professions (Record no. 3198)
[ view plain ]
| 000 -LEADER | |
|---|---|
| fixed length control field | 04872nam a22004575i 4500 |
| 007 - PHYSICAL DESCRIPTION FIXED FIELD--GENERAL INFORMATION | |
| fixed length control field | cr nn 008mamaa |
| 008 - FIXED-LENGTH DATA ELEMENTS--GENERAL INFORMATION | |
| fixed length control field | 230430s2023 sz | s |||| 0|eng d |
| 020 ## - INTERNATIONAL STANDARD BOOK NUMBER | |
| International Standard Book Number | 9783031272127 |
| -- | 978-3-031-27212-7 |
| 040 ## - CATALOGING SOURCE | |
| Original cataloging agency | IMU Kochi Library |
| Language of cataloging | eng |
| 041 0# - LANGUAGE CODE | |
| Language code of text/sound track or separate title | eng |
| 082 04 - DEWEY DECIMAL CLASSIFICATION NUMBER | |
| Classification number | 330.9 |
| Edition number | 23 |
| 245 14 - TITLE STATEMENT | |
| Title | The Transformation of Maritime Professions |
| Medium | [electronic resource] : |
| Sub Title | Old and New Jobs in European Shipping Industries, 1850-2000 / |
| 250 ## - EDITION STATEMENT | |
| Edition statement | 1st ed. 2023. |
| 300 ## - PHYSICAL DESCRIPTION | |
| Extent | XVIII, 288 p. 21 illus., 10 illus. in color. |
| Other physical details | online resource. |
| 490 1# - SERIES STATEMENT | |
| Series statement | Palgrave Studies in Economic History, |
| 505 0# - FORMATTED CONTENTS NOTE | |
| Formatted contents note | Chapter 1: Introduction -- Part I: Changes in maritime labour: Institutional, technological and spatial contexts -- Chapter 2: The human element in power-driven merchant ship propulsion since 1850: The British case -- Chapter 3: Technological change, institutions, and maritime labour: International reforms and their reception in Sweden and Finland, c.1850-1939 -- Chapter 4: Changes in maritime labour in Greece during the transition from sail to steam, c. 1850-1917 -- Chapter 5: Seamen in the city. Origins, residence and standard of living of Le Havre seamen from c. 1800 to the First Wold War -- Chapter 6: Reading shipboard space: the plans of ships serving the Netherlands East Indies, c.1850-1914 -- Part II: Case studies of old maritime jobs -- Chapter 7: Reconfiguring authority at sea: Steamships and their captains in a Danish context, c.1850-1950 -- Chapter 8: Feeding the fleet: Cooks in the Belgian merchant marine, c.1850-1930 -- Part III: Case studies of new maritime jobs -- Chapter 9: Elbowing their way: Engineers in the Spanish merchant marine, c.1850-1950 -- Chapter 10: From the captain's tiger to the chief steward. Career patterns of the catering personnel on British passenger liners, 1860-1938 -- Chapter 11: Surfing the waves. The rise and decline of radio operators in the Dutch mercantile marine in the twentieth century -- Chapter 12: Conclusion. |
| 520 ## - SUMMARY, ETC. | |
| Summary, etc | This book deals with the economic impact of technological changes and the rise of passenger shipping on social relations on board and ashore in European shipping industries between c.1850 and 2000. The changes in motive power, communication techniques and positioning technologies and the rise of passenger shipping went together with the creation of new tasks and functions and the marginalization or disappearance of traditional jobs and skills. This book presents case-studies on changes in different maritime professions between the middle of the nineteenth century and the end of the twentieth century, covering the shipping industries of a variety of seafaring countries in Europe. The subjects include changes in maritime labour at large, changes in specific groups of deck, catering or engine room personnel, such as captains, cooks, catering personnel, engineers, or radio-operators. A number of chapters employ a prosopographical or micro-historical approach, while others applya spatial perspective, analyze business records, materials from professional associations or distil information from large sets of quantitative data. This book will be of interest to academics and students of economic history, maritime and labour history. Karel Davids is Professor Emeritus of Economic and Social History at the Vrije Universiteit Amsterdam, the Netherlands. He has published and taught on economic and social history, maritime history, the history of technology and global history. Joost Schokkenbroek has been Executive Director of the Vancouver Maritime Museum since July 2017. Prior to this he was affiliated with The Kendall Whaling Museum in the USA (1988-1990) and Het Scheepvaartmuseum (The Dutch National Maritime Museum) in Amsterdam (1991-2017), where he worked as Chief Curator, in combination with a Professorship of Maritime History and Maritime Heritage at Vrije Universiteit in Amsterdam. . |
| 650 #0 - SUBJECT ADDED ENTRY--TOPICAL TERM | |
| Topical term or geographic name as entry element | Economic history. |
| 650 #0 - SUBJECT ADDED ENTRY--TOPICAL TERM | |
| Topical term or geographic name as entry element | Shipping. |
| 650 #0 - SUBJECT ADDED ENTRY--TOPICAL TERM | |
| Topical term or geographic name as entry element | Labor economics. |
| 650 #0 - SUBJECT ADDED ENTRY--TOPICAL TERM | |
| Topical term or geographic name as entry element | Labor. |
| 650 #0 - SUBJECT ADDED ENTRY--TOPICAL TERM | |
| Topical term or geographic name as entry element | History. |
| 650 14 - SUBJECT ADDED ENTRY--TOPICAL TERM | |
| Topical term or geographic name as entry element | Economic History. |
| 650 24 - SUBJECT ADDED ENTRY--TOPICAL TERM | |
| Topical term or geographic name as entry element | Maritime Economics. |
| 650 24 - SUBJECT ADDED ENTRY--TOPICAL TERM | |
| Topical term or geographic name as entry element | Labor Economics. |
| 650 24 - SUBJECT ADDED ENTRY--TOPICAL TERM | |
| Topical term or geographic name as entry element | Labor History. |
| 700 1# - ADDED ENTRY--PERSONAL NAME | |
| Personal name | Davids, Karel. |
| Relator term | |
| Relator code | edt |
| -- | http://id.loc.gov/vocabulary/relators/edt |
| 700 1# - ADDED ENTRY--PERSONAL NAME | |
| Personal name | Schokkenbroek, Joost. |
| Relator term | |
| Relator code | edt |
| -- | http://id.loc.gov/vocabulary/relators/edt |
| 830 #0 - SERIES ADDED ENTRY--UNIFORM TITLE | |
| Uniform title | Palgrave Studies in Economic History, |
| 852 ## - LOCATION/CALL NUMBER | |
| Location | IMU Kochi Library |
| 856 40 - ELECTRONIC LOCATION AND ACCESS | |
| Uniform Resource Identifier | <a href="https://doi.org/10.1007/978-3-031-27212-7">https://doi.org/10.1007/978-3-031-27212-7</a> |
| 904 ## - LOCAL DATA ELEMENT D, LDD (RLIN) | |
| CATALOGER | Rudra Ranjan |
| 905 ## - LOCAL DATA ELEMENT E, LDE (RLIN) | |
| VERIFIER | Rudra Ranjan |
| 942 ## - ADDED ENTRY ELEMENTS (KOHA) | |
| Item type | E-Book |
| 264 #1 - | |
| -- | Cham : |
| -- | Springer International Publishing : |
| -- | Imprint: Palgrave Macmillan, |
| -- | 2023. |
| 338 ## - | |
| -- | online resource |
| 830 #0 - SERIES ADDED ENTRY--UNIFORM TITLE | |
| -- | 2662-6500 |
No items available.